Introduction to MIMO communications / (Record no. 18793)
[ view plain ]
| 000 -LEADER | |
|---|---|
| fixed length control field | 00853cam a22002537i 4500 |
| 001 - CONTROL NUMBER | |
| control field | 18357971 |
| 005 - DATE AND TIME OF LATEST TRANSACTION | |
| control field | 20141217135626.0 |
| 008 - FIXED-LENGTH DATA ELEMENTS--GENERAL INFORMATION | |
| fixed length control field | 141103s2014 xxkadk frb f001 0 eng d |
| 010 ## - LIBRARY OF CONGRESS CONTROL NUMBER | |
| LC control number | 2014469398 |
| 020 ## - INTERNATIONAL STANDARD BOOK NUMBER | |
| International Standard Book Number | 9781107042834 (Hardback) |
| 020 ## - INTERNATIONAL STANDARD BOOK NUMBER | |
| International Standard Book Number | 1107042836 (Hardback) |
| 040 ## - CATALOGING SOURCE | |
| Original cataloging agency | NLE |
| Language of cataloging | eng |
| Transcribing agency | NLE |
| Modifying agency | EYM |
| -- | IXA |
| -- | UKMGB |
| -- | OCLCF |
| -- | YDXCP |
| -- | DLC |
| -- | EG-ScBUE |
| 082 00 - DEWEY DECIMAL CLASSIFICATION NUMBER | |
| Classification number | 621.384 |
| Edition number | 22 |
| Item number | HAM |
| 100 1# - MAIN ENTRY--PERSONAL NAME | |
| Personal name | Hampton, Jerry R. |
| 9 (RLIN) | 36963 |
| 245 10 - TITLE STATEMENT | |
| Title | Introduction to MIMO communications / |
| Statement of responsibility, etc | Jerry R. Hampton. |
| 260 ## - PUBLICATION, DISTRIBUTION, ETC. (IMPRINT) | |
| Place of publication, distribution, etc | Cambridge, United Kingdom : |
| Name of publisher, distributor, etc | Cambridge University Press, |
| Date of publication, distribution, etc | 2014. |
| 300 ## - PHYSICAL DESCRIPTION | |
| Extent | xiii, 288 p. : |
| Other physical details | charts, forms, tables ; |
| Dimensions | 26 cm. |
| 500 ## - GENERAL NOTE | |
| General note | Index : p. 285-288. |
| 504 ## - BIBLIOGRAPHY, ETC. NOTE | |
| Bibliography, etc | Bibliography : p. 279-284. |
| 650 #0 - SUBJECT ADDED ENTRY--TOPICAL TERM | |
| Topical term or geographic name as entry element | MIMO systems |
| 9 (RLIN) | 23368 |
| 653 ## - INDEX TERM--UNCONTROLLED | |
| Resource For college | Engineering, Electrical |
| Arrived date list | December2014 |
| 655 ## - INDEX TERM--GENRE/FORM | |
| Form subdivision | |
| -- | 34232 |
| 942 ## - ADDED ENTRY ELEMENTS (KOHA) | |
| Source of classification or shelving scheme | Dewey Decimal Classification |
| Call number prefix | 621.384 HAM |
| Withdrawn status | Item status | Source of classification or shelving scheme | Damaged status | Not for loan | Vendor | Home library | Current library | Shelving location | Date acquired | Source of acquisition | Cost, normal purchase price | Serial Enumeration / chronology | Total Checkouts | Total Renewals | Full call number | Barcode | Date last seen | Date last borrowed | Cost, replacement price | Koha item type |
|---|---|---|---|---|---|---|---|---|---|---|---|---|---|---|---|---|---|---|---|---|
| Dewey Decimal Classification | Baccah | Central Library | Central Library | First floor | 17/12/2014 | 630.00 | 21291 | 1 | 25 | 621.384 HAM | 000037209 | 15/07/2025 | 16/10/2017 | 788.00 | Book - Borrowing |